| 000 | 00474nam a22001817a 4500 | ||
|---|---|---|---|
| 003 | OSt | ||
| 005 | 20230621135717.0 | ||
| 008 | 230621b |||||||| |||| 00| 0 eng d | ||
| 020 | _a9781473982161 | ||
| 040 |
_aDLC _ben _cDLC |
||
| 050 | _aDUCE PE 3471 R43 | ||
| 100 |
_aRedman, P. _qPeter Redman. |
||
| 245 |
_aGood essay writin: _ba social science guide/ |
||
| 250 | _a5th. | ||
| 260 |
_aLondon: _bSage, _c2017. |
||
| 300 |
_axi, 184 p.: _bill.; _c24 cm. |
||
| 942 |
_2lcc _cBK _n0 |
||
| 999 |
_c3470 _d3470 |
||